| 000 | 00609cam a2200229 4500 | ||
|---|---|---|---|
| 008 | 000000n1999 000 0 eng u | ||
| 020 | _a1858111668 | ||
| 035 | _a(Sirsi) u104949 | ||
| 050 | _a346.410435 | ||
| 100 | _aBlackford, Simon | ||
| 245 | _aRights of way : footpaths and bridleways. | ||
| 250 | _a2nd ed. | ||
| 260 |
_aWelwyn Garden City, Herts _bCLT Professional _c1999 |
||
| 300 | _axii, 135p. ; 21cm. | ||
| 350 | _a24.00 | ||
| 650 | _aACCESS TO LAND | ||
| 650 | _aRIGHT TO ROAM | ||
| 650 | _aRIGHTS OF WAY | ||
| 650 | _aFOOTPATHS | ||
| 690 |
_aBoundary disputes _96221 |
||
| 942 | _n0 | ||
| 999 |
_c100304 _d100304 |
||